000 00491nam a2200181Ia 4500
008 240925s9999 xx 000 0 und d
020 _a1556156251
082 _a005.43 LOW
100 _aLowe, Daug
245 0 _aMicrosoft Press Guide to Double Space
250 _aNA
260 _aNew York:
_bMicrosoft Inc
_c,1994.
300 _a206p.
_bNA
_fOriginal
500 _aIncludes Index
600 _aComputer Science
650 _aComputer science, information & general works
942 _cBK
999 _c3053
_d3053